000 00364nam a2200145Ia 4500
008 240624s9999 xx 000 0 und d
041 _aeng
082 _a954 VIY
100 _aVIYOGI NAVAL
245 _aHISTORY OF THE LATER HARAPPANS AND SHILP
260 _c2010
_aDelhi
_bKaplaz Publications
300 _a298 : p. : cm. ; 22
365 _cRS
_b30
440 _v1
999 _c16645
_d16645